| 000 | 00468nam a2200157 i 4500 | ||
|---|---|---|---|
| 001 | 87476 | ||
| 003 | ES-MaACL | ||
| 005 | 20230906175658.0 | ||
| 007 | t| | ||
| 008 | 041222s1930 xxu ||||1| eng d | ||
| 100 | 1 |
_aKretschmer, Herman L. _968818 |
|
| 245 | 1 | 0 |
_aSolitary cyst of the kidney _b: a report of five cases / _cHerman L. Kretschmer. |
| 260 |
_aChicago : _bAmerican Medical Association, _c1930. |
||
| 300 |
_a14 p. ; _c21 cm. |
||
| 852 |
_aES-MaACL _j1749-F-21 |
||
| 999 |
_c87476 _d87476 |
||